| 000 | 00000nas 2200000zi 4500 |
| 001 | 9.878268 |
| 003 | CaOODSP |
| 005 | 20240528161641 |
| 006 | m go d f |
| 007 | cr cn |||||||| |
| 008 | 190820d19891996oncar p o f0 b0fre|d |
| 022 | |a1486-9675 |
| 040 | |aCaOODSP|bfre|erda|cCaOODSP |
| 043 | |an-cn--- |
| 086 | 1 |aBT23-1/3F-PDF |
| 110 | 1 |aCanada. |bConseil du trésor, |eauteur, |eorganisme de publication. |
| 210 | 0 |aLang. off. inst. féd. |b(En ligne) |
| 222 | 0|aLangues officielles dans les institutions fédérales |b(En ligne) |
| 245 | 14|aLes langues officielles dans les institutions fédérales. |
| 246 | 14|aLangues officielles dans les institutions fédérales : |brapport annuel |
| 264 | 1|a[Ottawa] : |bPrésident du Conseil du trésor = President of the Treasury Board, |c[1989-1996] |
| 310 | |aAnnuel |
| 336 | |atexte|btxt|2rdacontent/fre |
| 337 | |ainformatique|bc|2rdamedia/fre |
| 338 | |aressource en ligne|bcr|2rdacarrier/fre |
| 362 | 1 |aParaît depuis : 1988/1989; ne paraît plus après : 1995/1996. |
| 500 | |aPublié aussi en anglais sous le titre : Official languages in federal institutions. |
| 520 | 3 |aPrésente en détail les efforts déployés pour ancrer les langues officielles dans la culture de la fonction publique, offrir un service à la hauteur des attentes des Canadiens, créer un milieu de travail propice à l’utilisation des deux langues officielles et veiller à ce que les deux groupes linguistiques aient des chances égales d’emploi et d’avancement dans les institutions fédérales. |
| 588 | |aDescription d'après : 1988/1989; titre de la page de titre du fichier PDF. |
| 588 | |aDernière livraison consultée : 1995/1996. |
| 650 | 6|aPolitique linguistique|zCanada|vPériodiques. |
| 650 | 6|aBilinguisme|zCanada|vPériodiques. |
| 650 | 6|aAdministration publique|zCanada|vPériodiques. |
| 651 | 6|aCanada|xFonctionnaires|vPériodiques. |
| 655 | 7|aPériodiques|2rvmgf |
| 775 | 08|tOfficial languages in federal institutions.|w(CaOODSP)9.878262 |
| 785 | 00|tRapport annuel sur les langues officielles. |w(CaOODSP)9.878254 |